Al otro lado del ro̕

Detalles Bibliográficos
Autor principal: Mn̤ge Arv̌alo, Marco Antonio
Formato: eBook
Lenguaje:español
Publicado: Ciudad de Mx̌ico: Cm̀ara de Diputados, 2009
Materias:
Acceso en línea:Acceso restringido

MARC

LEADER 00000nam a22000007a 4500
005 20171213191934.0
007 cr|||| ||||
008 171213s2009 mx |||||s|||| 00||0 spa d
020 |a 978-607-401-089-3 
035 |a 20912 
040 |a vLex 
090 |c 7324  |d 7324 
100 1 |a Mn̤ge Arv̌alo, Marco Antonio 
245 1 0 |a Al otro lado del ro̕  |h [Recurso electrn̤ico] /  |c Marco Antonio Mn̤ge Arv̌alo  
256 |a Servicio en ln̕ea 
260 |a Ciudad de Mx̌ico:  |b Cm̀ara de Diputados,   |c 2009 
300 |a 1 recurso electrn̤ico 
500 |a ¿Quiňes son los guerrerenses que habitan en Estados Unidos de Norteamřica? ¿Qu ̌hacen, dn̤de trabajan, cm̤o viven? ¿Por qu ̌emigran? ¿Qu ̌rutas toman al cruzar la frontera? ¿Cm̤o se organizan? A estas y otras interrogantes da respuesta el creador de la obra Al otro lado del ro̕, serie especial de reportajes y artc̕ulos publicados en dos de los perid̤icos ms̀ importantes de Guerrero: La Jornada Guerrero y El Sur. Los datos reportados en este trabajo de investigacin̤ periods̕tica corresponden a la experiencia de vida que el autor tuvo con guerrerenses al cruce de la frontera norte y en las ciudades de Chicago, Illinois; Atlanta y Dalton, en Georgia; y Nueva York. Al otro lado del ro̕ plasma cm̤o perid̤icos norteamericanos, al ceder sus principales espacios a guerrerenses, lo hacen de forma contrastante: mientras unos afirman que los mexicanos son Muna subclase permanente entre los nocalificados y los sin educacin̤M, otros toman a los mexicanos de all,̀ guerrerenses principalmente, como individuos dotados de una gran influencia polt̕ica-econm̤ica tanto en Estados Unidos como en Guerrero. Adems̀, la obra da cuenta de cm̤o los clubes guerrerenses, que en algn︢ momento serva̕n como un vn̕culo social entre la comunidad guerrerense radicada en Estados Unidos, ahora se han olvidado de ello para dedicarse a la polt̕ica. Al otro lado del ro̕, es un retrato objetivo de la vida y obra de todos aquellos guerrerenses que contra cualquier adversidad no pierden la esencia definitiva del pas̕ que los vio nacer. 
506 1 |a Disponible solo en los productos indicados  |d vLex Global  |d vLex Global (Academic Edition, excluding Law Schools)  |d vLex Global (U.S. Academic Edition, Law Schools)  |d vLex Global (U.S. Academic Edition, excluding Law Schools)  |d vLex Global (Academic Edition, Law Schools) 
650 0 4 |a Derecho Pb︢lico  |z Mx̌ico 
650 0 4 |a Derecho Administrativo  |z Mx̌ico 
740 0 |a vLex Libros (Servicio en ln̕ea) 
856 4 0 |u http://vlex.com/source/al-otro-lado-del-rio-20912  |z Acceso restringido 
942 |c BOOK 
999 0 |a Public law 
999 0 |a Administrative law